000 00371 a2200133 4500
005 20250424164015.0
020 _a0-278-00030-4
082 _a657. 42 DRU
100 _aDRURY, C.
245 _aCosting: An introduction. Teachers' Manual
260 _aBerkshire,
_bVan Nostrand Reinhold (UK) Co. Ltd,
_c1987.
300 _avii, 106p.: ill.; figure.
_c25cm.
942 _2ddc
_cBKS
999 _c1642
_d1642